Fundamentals and Applications of ROCK MECHANICS (Record no. 613952)

000 -LEADER
fixed length control field 00396nam a22001457a 4500
020 ## - INTERNATIONAL STANDARD BOOK NUMBER
International Standard Book Number 9788120351820
082 ## - DEWEY DECIMAL CLASSIFICATION NUMBER
Classification number 624.15132
Author Mark DEB
100 ## - MAIN ENTRY--PERSONAL NAME
Personal name Debasis Deb
9 (RLIN) 129270
245 ## - TITLE STATEMENT
Title Fundamentals and Applications of ROCK MECHANICS
Statement of responsibility, etc. Deb Debasis
260 ## - PUBLICATION, DISTRIBUTION, ETC.
Place of publication, distribution, etc. Delhi
Name of publisher, distributor, etc. Asoke K. Ghosh
Date of publication, distribution, etc. 2016
300 ## - PHYSICAL DESCRIPTION
Other physical details col.,ill.
Dimensions ;28cm
Extent 412,p;
590 ## - LOCAL NOTE (RLIN)
Linkage (RLIN) ...
700 ## - ADDED ENTRY--PERSONAL NAME
Personal name Debasis Deb
9 (RLIN) 129270
942 ## - ADDED ENTRY ELEMENTS (KOHA)
Source of classification or shelving scheme
Koha item type Book
Holdings
Withdrawn status Lost status Source of classification or shelving scheme Damaged status Not for loan Permanent Location Current Location Date acquired Total Checkouts Full call number Barcode Checked out Date last seen Date last checked out Price effective from Koha item type
          School of Civil and Environmental Engineering (SCEE) School of Civil and Environmental Engineering (SCEE) 06/27/2025 1 624.15132 DEB NIT-13782 07/27/2025 06/27/2025 06/27/2025 06/27/2025 Book
          School of Civil and Environmental Engineering (SCEE) School of Civil and Environmental Engineering (SCEE) 06/27/2025 1 624.15132 DEB NIT-13783   07/04/2025 06/27/2025 06/27/2025 Book
© 2023 Central Library, National University of Sciences and Technology. All Rights Reserved.